000 00522nam a2200181Ia 4500
008 090124s9999 xx 000 0 und d
082 _b117572
100 _aपरांजपे अशोक
245 _a रक्ताची तहान
250 _a1
260 _c1978
300 _a189
600 _aपरांजपे अशोक
630 _a रक्ताची तहान
700 _aपरांजपे अशोक
730 _a रक्ताची तहान
942 _cBOOK
999 _c163659
_d163659